000 00372nam a22001577a 4500
020 _a81-8356-039-3
082 _a616.079
_bYAD/I
100 _aYADAV, P.R
100 _aTYAGI RAJIV
245 _aIMMUNO- BIOTECHNOLOGY
250 _aFIRST EDITION
260 _aDELHI
_bDISCOVERY PUBLISHNG HOUSE
_c2005
300 _a280
650 _aBIOLOGY REFERENCE
_zINDIA
942 _cBK
999 _c1381
_d1381